00174nam a22000737a 4500020001800000100001700018245003100035260003400066 a9780425287453 aFloyd Cooper aMax and the Tag-along Moon aNew YorkbPenguin Groupc2013